Statistiques concernant Tennis : Classement masculin (ATP) 2022

Cliquez ici pour prendre le quiz!

Statistiques générales

  • Ce quiz a été pris 808 fois
  • Le résultat moyen est 19 sur 24

Statistiques - réponses

ClassementAn dernier *JoueurPoints% Correct
2+ 4Rafael Nadal6 020
100%
5- 4Novak Djokovic4 820
99%
1+ 31Carlos Alcaraz6 820
98%
4=Stefanos Tsitsipas5 550
97%
3+ 5Casper Ruud5 820
94%
7- 5Daniil Medvedev4 065
94%
12- 9Alexander Zverev2 700
90%
11+ 92Holger Rune2 888
90%
8- 3Andrey Rublev3 930
89%
6+ 5Felix Auger-Aliassime4 195
83%
15- 5Jannik Sinner2 410
82%
9+ 14Taylor Fritz3 355
75%
14- 2Cameron Norrie2 445
74%
18- 4Denis Shapovalov2 075
73%
16- 9Matteo Berrettini2 375
73%
10- 1Hubert Hurkacz2 905
72%
19+ 19Frances Tiafoe2 000
68%
17+ 13Marin Cilic2 105
68%
22+ 71Nick Kyrgios1 870
68%
24+ 10Alex de Minaur1 790
60%
13+ 7Pablo Carreno Busta2 495
59%
23+ 36Lorenzo Musetti1 865
55%
21- 2Roberto Bautista Agut1 940
54%
20+ 9Karen Khachanov1 990
50%

Distribution des résultats

Percentile par nombre de réponses

% des personnes avec chaque résultat

Votre développement - résultats

Vous n’avez pas pris ce quiz